| 000 | 01272nam a2200421 a 4500 | ||
|---|---|---|---|
| 003 | AR-BaBNM | ||
| 005 | 20251128205549.0 | ||
| 008 | 082120s2002 ||||||||||||||000 | spa|| | ||
| 020 | _a84-281-0901-X | ||
| 040 | _cAR-BaBNM | ||
| 245 | 0 | 0 |
_aEl desarrollo profesional del docente _bevaluación de los planes provinciales de formación |
| 250 | _a1ª ed. | ||
| 260 |
_aBarcelona _bOikos-tau _c1997 |
||
| 300 |
_a302 p. _btablas, diagr. |
||
| 490 | 0 | _aPráctica en educación | |
| 500 | _aContiene lista de siglas utilizadas | ||
| 504 | _aBibliografía: p. 299-302 | ||
| 650 | 4 | _aFORMACION DE DOCENTES | |
| 650 | 4 | _aMETODOS DE FORMACION | |
| 650 | 4 | _aPOLITICA EDUCATIVA | |
| 650 | 4 | _aDESCENTRALIZACION | |
| 650 | 4 | _aPLAN DE FORMACION DE DOCENTES | |
| 650 | 4 | _aOBJETIVOS DE LA FORMACION | |
| 650 | 4 | _aEVALUACION | |
| 650 | 4 | _aFORMACION POR MODULOS | |
| 651 | 4 | _aEspaña | |
| 653 | _aINSTITUTOS DE FORMACION DOCENTE | ||
| 653 | _aAUTONOMIA | ||
| 700 | 1 | _aFerreres Pavía, Vicente | |
| 700 | 1 | _aGairín Sallán, Joaquín | |
| 700 | 1 | _aJiménez Jiménez, B. | |
| 700 | 1 | _aMartín, Elena | |
| 700 | 1 | _aVives García, M. | |
| 700 | 1 | _aBenedito Antolí, Vicenç | |
| 800 | 1 |
_aCantón Mayo, Isabel _edirector |
|
| 942 | _cBK | ||
| 998 | _cSILVI | ||
| 999 |
_c11913 _d11913 |
||